|
|
|
|
| LEADER |
01041cam a2200241 7i4500 |
| 001 |
0000052246 |
| 005 |
20220920090000.0 |
| 008 |
190225 eng |
| 090 |
0 |
0 |
|a HG187.4
|b .I66 2012
|
| 100 |
1 |
|
|a Iqbal, Imran
|
| 245 |
1 |
0 |
|a Application of options in Islamic finance
|c Imran Iqbal, Dr. Sherin Kunhibava, Assoc. Prof. Dr. Asyraf Wajdi Dusuki.
|
| 264 |
|
|
|a Kuala Lumpur:
|b International Shari'ah Research Academy for Islamic Finance (ISRA),
|c 2012.
|
| 300 |
|
|
|a 32 pages:
|b illustrations;
|c 30 cm.
|
| 336 |
|
|
|a text
|2 rdacontent
|
| 337 |
|
|
|a unmediated
|2 rdamedia
|
| 338 |
|
|
|a volume
|2 rdacarrier
|
| 490 |
1 |
|
|a Research paper;
|v No. 46/2012
|
| 500 |
|
|
|a Gift: International Shari'ah Research Academy for Islamic Finance (ISRA)
|
| 504 |
|
|
|a Includes bibliographical references and index
|
| 650 |
0 |
0 |
|a Options (Finance) --
|x Law and legislation --
|z Islamic countries
|
| 700 |
0 |
|
|a Asyraf Wajdi Dusuki
|
| 700 |
1 |
|
|a Kunhibava, Sherin
|
| 999 |
|
|
|a 0000063961
|b BOK
|c CLOSED ACCESS COLLECTION
|e ISRA Corner, 2nd Floor, Shah Alam
|